Paroles - Siffler sur la colline - Joe Dassin - Statistiques

Statistiques générales
  • Ce quiz a été pris 1 799 fois
  • Le résultat moyen est 127 sur 165
Statistiques - réponses
Paroles % Correct
la
100%
A
98%
à
98%
elle
98%
Elle
98%
sifflé
98%
colline
97%
sur
97%
De
96%
dit
96%
dit...
96%
m'a
96%
un
95%
j'ai
94%
J'ai
94%
bouquet
93%
d'aller
93%
jamais
92%
n'est
92%
que
92%
Que
92%
attendu,
91%
avec
91%
là-haut
91%
siffler
91%
petit
90%
pu
90%
tant
90%
venue
90%
et
89%
Et
89%
l'attendre
88%
d'églantines
87%
des
84%
Zaï Zaï Zaï Zaï (x4)
83%
fleurs
82%
Je
82%
je
82%
cueilli
80%
les
74%
du
73%
me
72%
ses
71%
une
68%
qu'à
67%
jolies
66%
ai
64%
lui
63%
jour
62%
qu'elle
62%
l'ai
61%
qui
61%
village
60%
en
59%
pomme
59%
dents
58%
Mais
58%
pommier
58%
Quand
58%
quand
58%
voudrais
58%
être
57%
dans
56%
brebis
55%
dedans
55%
fois
55%
rend
55%
bergères
54%
blanches
54%
chaque
54%
foire
54%
montrant
54%
y
54%
passe
53%
suspendue
53%
vue
53%
aussi
52%
mordre
52%
C'est
51%
sa
50%
tout
50%
d'un
49%
près
49%
rouler
49%
qu'avec
48%
demandé
47%
est
47%
gardait
47%
rosée
47%
soupiré
47%
vienne
46%
laurier,
42%
d'où
40%
venait
40%
peau
38%
fraîche
36%
d'rouler
34%
passée
34%
Woho (x4)
30%
Aucun quiz correspondant
Distribution des résultats
% des personnes avec chaque résultat
Percentile par nombre de réponses
Votre historique - résultats
Vous n’avez pas pris ce quiz